00000000nam##2200000za#4500
0019.681567
003CaOODSP
00520250611103644
007ta
008150407|2001||||xxc|||||     f|0| 0 fre|d
020 |a0-662-86064-0
040 |aCaOODSP|bfre
043 |an-cn---
0861 |aA22-228/2001F
1101 |aCanada. |bAgriculture et agroalimentaire Canada.
24510|aAgriculture: bien plus que la production d'aliments
260 |aOttawa - Ontario : |bAgriculture et Agroalimentaire Canada |c2001.
300 |a20p. : |bill. en couleur ; |c22 cm.
563 |aCouverture souple
590 |a01-39|b2001-09-28
69107|aIndustrie agro-alimentaire|2gcpds
69107|aInnovation|2gcpds
77508|tAgriculture: food and much more |w(CaOODSP)9.648251
7760#|tAgriculture : |w(CaOODSP)9.643467
986 |a2084/F